Basis Volleybal Posities - Statistieken

Algemene statistieken
  • Deze quiz is 50 keer genomen
  • De gemiddelde score is 3 van 5
Antwoordstatistieken
Hint Antwoord % Correct
L Libero
89%
PS Passer
62%
SP Spelverdeler
62%
D Diagonaal
54%
MA Middenaanvaller
49%
Geen overeenkomende quizzen gevonden
Scoreverdeling
Procent van Mensen met Elke Score
Percentiel versus Aantal Correcte Antwoorden
Uw Scoregeschiedenis
U heeft deze quiz nog niet genomen